| 000 | 02453nam0a2200349 4500 | ||
|---|---|---|---|
| 001 | RU\NLR\BIBL_A\012137483 | ||
| 005 | 20191126110925.0 | ||
| 010 |
_a978-5-91766-158-2 _9500 |
||
| 021 |
_aRU _bКН-П-19-078342 _9КН-П-19-5682 |
||
| 035 | _a(NLR Aleph) 012137483 | ||
| 035 | _a(RuMoRGB)010124465 | ||
| 090 |
_a12080496 _c12080496 |
||
| 100 | _a20191113d2019 k y0rusy50 ca | ||
| 101 | 0 |
_arus _aeng |
|
| 102 | _aRU | ||
| 105 | _ay zzzz00100zy | ||
| 200 | 1 |
_aКабардино-Балкария в контексте историко-культурной динамики в ХХ - начале ХХI в. _eсборник научных статей, [оглашенных в виде докладов на республиканской конференции, приуроченой к 25-летию Парламента КБР] _fИнститут гуманитарных исследований - Филиал Федерального государственного бюджетного научного учреждения "Федеральный научный центр "Кабардино-Балкарский научный центр Российской академии наук", Парламент Кабардино-Балкарской Республики _g[ответственный редактор: Дзамихов К. Ф.] |
|
| 210 |
_aНальчик _cИПИ КБНЦ РАН _d2019 |
||
| 215 |
_a159 с. _d21 |
||
| 300 | _aЧасть текста на англ. яз. | ||
| 320 | _aБиблиогр. в примеч. в конце ст. | ||
| 607 |
_aКабардино-Балкарская Республика _jСборники _xИстория _92164125 _3RU\NLR\AUTH\661302231 |
||
| 686 | 1 | _aТ3(2Р-6К)я43 | |
| 702 | 1 |
_4340 _7ca _8rus _aДзамихов _bК. Ф. _f1957- _gКасболат Фицевич _9101198 _3RU\NLR\AUTH\77118273 |
|
| 711 | 1 | 2 |
_a"Парламентаризм в Кабардино-Балкарии: исторический опыт и современные практики", республиканская конференция _eНальчик _f2019 _9684897 _3RU\NLR\AUTH\880512175 |
| 712 | 0 | 2 |
_4557 _aИнститут гуманитарных исследований _cНальчик _9532435 _3RU\NLR\AUTH\8810017294 |
| 942 | _cBOOK | ||
| 980 | _aNBR | ||
| 980 | _aNB | ||